Statistics for General Knowledge Quiz #34

Click here to take the quiz!

General Stats

  • This quiz has been taken 116,939 times
    (37,744 since last reset)
  • The average score is 13 of 20

Answer Stats

QuestionAnswer% Correct
In which U.S. state would you find Disney World?Florida
94%
What is the most popular reading system for the blind?Braille
86%
What country produces the greatest number of feature films each year?India
86%
Who spent 27 years in prison before becoming President of his country in 1994?Nelson Mandela
83%
What is the busiest airport in England?London Heathrow
82%
What is the last letter of the Greek alphabet?Omega
74%
What was the Soviet version of an astronaut?Cosmonaut
71%
Name one of the two countries in which the region of Patagonia lies.Argentina / Chile
69%
Which Shakespeare play starts with the letter O?Othello
67%
Who is the female protagonist of the Peter Pan books?Wendy Darling
67%
What element is also known as quicksilver?Mercury
66%
What type of dinosaurs were the main antagonists in "Jurassic Park"?Velociraptor
66%
What is the job title of a person who manages a museum collection?Curator
62%
What major Mexican city is just across the border from San Diego?Tijuana
58%
Who does the Swiss Guard guard?The Pope
57%
In which country would you find a TGV train?France
55%
At what university do Rhodes Scholars study?Oxford
50%
What word, starting with A, refers to something you ingest to make you feel randy?Aphrodisiac
45%
Who led the Palestinian Liberation Organization from 1969–2004?Yasser Arafat
31%
What did Thomas Chippendale design?Furniture
28%

Score Distribution

Percentile by Number Answered

Percent of People with Each Score

Your Score History

You have not taken this quiz since the last reset